Solid State Physics Introduction to the Theory (Record no. 564884)
[ view plain ]
| 000 -LEADER | |
|---|---|
| fixed length control field | 00351nam a2200121Ia 4500 |
| 008 - FIXED-LENGTH DATA ELEMENTS--GENERAL INFORMATION | |
| fixed length control field | 210430s9999 xx 000 0 und d |
| 020 ## - INTERNATIONAL STANDARD BOOK NUMBER | |
| International Standard Book Number | 978-81-8489-122-5 |
| 100 ## - MAIN ENTRY--PERSONAL NAME | |
| Personal name | James D.Patterson |
| 9 (RLIN) | 54327 |
| 245 ## - TITLE STATEMENT | |
| Title | Solid State Physics Introduction to the Theory |
| Statement of responsibility, etc. | James D.Patterson |
| 260 ## - PUBLICATION, DISTRIBUTION, ETC. | |
| Place of publication, distribution, etc. | India |
| Name of publisher, distributor, etc. | Springer |
| Date of publication, distribution, etc. | 2007 |
| 300 ## - PHYSICAL DESCRIPTION | |
| Extent | 717 p |
| 942 ## - ADDED ENTRY ELEMENTS (KOHA) | |
| Koha item type | Book |
| Source of classification or shelving scheme | |
| Withdrawn status | Lost status | Damaged status | Not for loan | Collection code | Permanent Location | Current Location | Shelving location | Date acquired | Total Checkouts | Barcode | Date last seen | Price effective from | Koha item type |
|---|---|---|---|---|---|---|---|---|---|---|---|---|---|
| School of Chemical & Materials Engineering (SCME) | School of Chemical & Materials Engineering (SCME) | General Stacks | SCME-4158 | 04/30/2021 | 04/30/2021 | Book |
